The learning organization : kaitan ilmu dan amalan dalam perkhidmatan awam

Bibliographic Details
Main Author: Abdullah Thalith Bin Md. Thani
Corporate Author: INSPEN
Format: Book
Subjects:
Online Access:http://app.inspen.gov.my:7779/pls/portal/docs/PAGE/CORPORATEPAGES/PORTAL_INSPEN/LAPORAN_PENYELIDIKAN_DI_PERPUSTAKAAN/JD.PDF

MARC

LEADER 00000cam a2200000 7i4500
001 0000007418
005 20071030.0
040 |a INS 
090 0 0 |a RESEARCH 105 
100 0 |a Abdullah Thalith Bin Md. Thani 
245 1 4 |a The learning organization :   |b kaitan ilmu dan amalan dalam perkhidmatan awam   |c Abdullah Thalith Bin Md.Thani 
300 |c 30cm. 
500 |a Digital document is available on-line; Please click the URL below 
650 0 0 |a Learning organization 
710 2 |a INSPEN 
856 |u http://app.inspen.gov.my:7779/pls/portal/docs/PAGE/CORPORATEPAGES/PORTAL_INSPEN/LAPORAN_PENYELIDIKAN_DI_PERPUSTAKAAN/JD.PDF 
999 |a RES0000176   |b BOOK   |c Research By JPPH Staff   |e Default branch